000 00401nam a2200145Ia 4500
008 210210b1977 xxu||||| |||| 00| 0 eng d
082 _a546 SINT
100 _aSINGH (Deo Raj) & others.
245 _aText book of inorganic chemistry.PI.
260 _aAgra
_bShivalal Agarwala & Co.,
_c1977
300 _avi,595
650 _aInorganic Chemistry
690 _aInorganic Chemistry
906 _aCC00255
999 _c109305
_d109305